| 000 | 00483nam a2200181 4500 | ||
|---|---|---|---|
| 003 | SEACOMEC | ||
| 005 | 20250320132358.0 | ||
| 008 | 240102b |||||||| |||| 00| 0 eng d | ||
| 020 | _cRs.295.00 | ||
| 040 | _aSEACOMEC | ||
| 082 |
_a621.395 _bM429 |
||
| 100 | _aMead,carver | ||
| 245 | 1 |
_aIntroduction to VLSI systems / _cCarver Mead,Lynn Conway |
|
| 260 |
_ahyderabad _bB S Publications _c2003 |
||
| 650 | _aTechnology,Computer engineering | ||
| 700 | _aConway,Lynn | ||
| 942 | _cBOOK | ||
| 999 |
_c396 _d396 |
||